| Поле | Инд. | ПП | Название | Значение |
|---|---|---|---|---|
| Тип записи | a | |||
| Библиографический уровень | m | |||
| 001 | Контрольный номер | bf1f21bf-f002-474e-9d09-05b2ac43ef89 | ||
| 005 | Дата корректировки | 20131112050638.7 | ||
| 008 | Кодируемые данные | 000224 d | ||
| 020 | a | ISBN | 5-900238-26-1 | |
| c | Цена, тираж | 18.00 | ||
| 080 | a | Индекс УДК | 882.09(072.3) | |
| a | Индекс УДК | 882.09(075.3) | ||
| 084 | a | Индекс другой классификации/Индекс ББК | Ч426.83 | |
| a | Индекс другой классификации/Индекс ББК | Ш5(2=411.2)6я721-1 | ||
| 090 | c | Каталожный индекс | Ч426.83 + Ш5(2=411.2)6я721-1 | |
| x | Авторский знак | И20 | ||
| a | Полочн. индекс | Ч426.83 | ||
| 100 | 1_ | a | Автор | Иванова Вера Николаевна |
| 245 | 0_ | a | Заглавие | Звучащие в эпохе голоса... |
| b | Продолж. заглавия | Метод. пособие по отеч. лит. ХХ века : [Внекл. чтение 9-11 кл.] | ||
| c | Ответственность | Иванова В.Н.; Смол. обл. ин-т усоверш. учителей | ||
| c | Ответственность | Смол. обл. ин-т усоверш. учителей | ||
| 250 | a | Основные сведения об издании | [2-е изд., доп. и перераб.] | |
| 260 | 0_ | a | Место издания | Смоленск |
| b | Издательство | Изд-во Смол. обл. ин-та усоверш. учителей | ||
| c | Дата издания | 1997 | ||
| 300 | a | Объем | 247,[1] с. | |
| 583 | a | Действие | Получение впервые 123 13.02.98 | |
| k | Исполнитель действия | Дар РГГУ | ||
| 650 | a | Основная рубрика | Литература | |
| x | Основная подрубрика | Методика преподавания в средней школе | ||
| 650 | a | Основная рубрика | Русская литература | |
| x | Основная подрубрика | Учебники для средней школы | ||
| 653 | a | Ключевые слова | Литература в школе | |
| a | Ключевые слова | Русская литература | ||
| a | Ключевые слова | Преподавание литературы | ||
| a | Ключевые слова | Учебники | ||
| a | Ключевые слова | Методика | ||
| 852 | t | Порядковый номер экземпляра | 1 | |
| p | Инвентарный номер | 693070 | ||
| 888 | a | Бесплатные | ||
| 930 | a | Новая/Ретро | Методика | |
| a | Новая/Ретро | Учебники | ||
| 952 | p | 123.98 18.00 1 693070 | ||
| c | Вид литературы | К ру | ||
| 954 | a | Дата поступления на обработку | 16.02.98 | |
| 999 | a | Подразделение 2 | ч.з. |